La música clásica en 100 palabras /
Gorde:
| Egile nagusia: | |
|---|---|
| Formatua: | Liburua |
| Hizkuntza: | gaztelania |
| Argitaratua: |
Barcelona, España :
Paidós,
2013, c2013
|
| Saila: | (Paidós Contextos) [s.n.]
|
| Gaiak: | |
| Etiketak: |
Etiketarik gabe, Izan zaitez lehena erregistro honi etiketa jartzen!
|
MARC
| LEADER | 00000nam^a2200000^a^4500 | ||
|---|---|---|---|
| 001 | 000330453 | ||
| 005 | 20250521000000.0 | ||
| 008 | 130515 20132013 | ||
| 009 | 20260310114005.616 | ||
| 020 | |a 978-84-493-2832-9 | ||
| 037 | |a Acervo ITESO - Biblioteca | ||
| 041 | |a ESP | ||
| 082 | |a 780. 3 |b GEF | ||
| 100 | |a Geffrotin, Thierry |e (autor) | ||
| 245 | 1 | 3 | |a La música clásica en 100 palabras / |c T. Geffrotin ; tr. por Núria Petit Fontsère. |
| 264 | 4 | |a Barcelona, España : |b Paidós, |c 2013, c2013 | |
| 300 | |a 191 p. | ||
| 336 | |a texto |b txt |2 rdacontenido | ||
| 337 | |a sin mediación |b n |2 rdamedio | ||
| 338 | |a volumen |b nc |2 rdasoporte | ||
| 440 | 1 | |a (Paidós Contextos) [s.n.] | |
| 500 | |a Traducción de: Les 100 mots de la musique classique | ||
| 649 | |a XX | ||
| 650 | |a Música de Concierto - |x Glosarios, Vocabularios, etc. - |x Tema Principal | ||
| 650 | |a Música de Concierto - |x Teoría | ||
| 650 | |a Música de Concierto - |x Historia y Crítica | ||
| 650 | |a Música - |x Glosarios, Vocabularios, etc. | ||
| 650 | |a Música - |x Teoría | ||
| 650 | |a Música - |x Historia y Crítica | ||
| 650 | |a Glosarios, Vocabularios, etc. | ||
| 910 | |a Fondo General | ||
| 920 | |a Impresos - Libros | ||
| 930 | |a Obras de Referencia | ||
| 905 | |a 102 | ||
| 901 | |a 0500216724 |b IT2 |c REF |i C136316 |u 20250521 | ||
| 902 | |a https://opac.biblio.iteso.mx/vufind/Record/000330453 | ||